000 00298nam a2200133Ia 4500
005 20260328101531.0
008 260328s9999||||xx |||||||||||||| ||und||
100 _aEscala
245 0 _aTeoria e Historia /
_cEscala
260 _bEscala
300 _a44 p.
650 _aARQUITECTURA
942 _cBK
999 _c10004
_d10004